Villes des clubs de Rugby Pro en France - Carte Quiz - Statistiques

Statistiques générales
  • Ce quiz a été pris 351 fois
  • Le résultat moyen est 17 sur 30
Réponses sur la Carte
Les réponses sont colorées sur une échelle allant du rouge au vert en fonction du pourcentage des utilisateurs qui les ont devinées à leur premier essai. Vous pouvez retrouver ces pourcentages ci-dessous.
 
Statistiques - réponses
Réponse % Correct
RC Vannes
86%
Racing 92
75%
Stade Rochelais
74%
UB Bordeaux
72%
Stade Français
71%
USA Perpignan
71%
Montpellier HR
69%
Stade Niçois
67%
Lyon OU
66%
Aviron Bayonnais
63%
Provence Rugby
63%
RC Toulon
63%
ASM Clermont
60%
FC Grenoble
57%
Biarritz Olympique
55%
Soyaux Angoulème
55%
USO Nevers Rugby
53%
Stade Toulousain
52%
AS Béziers
49%
Section Paloise
49%
CA Brive
47%
Oyonnax Rugby
44%
SU Agen
43%
US Dax
42%
Valence Romans
41%
US Montauban
38%
Stade Aurillacois
36%
Castres Olympique
35%
Stade Montois
31%
Colomiers Rugby
27%
Aucun quiz correspondant
Distribution des résultats
% des personnes avec chaque résultat
Percentile par nombre de réponses
Votre historique - résultats
Vous n’avez pas pris ce quiz